01265nam a2200349 c 450000100060000000300100000600500170001600700030003300800410003602000180007704000350009504100080013008400060013810000360014424501180018025000220029826400660032030000360038633600270042233700330044933800280048249000330051052100610054365000540060465000520065865000370071065000490074765000380079670000490083494200150088399900170089859757CO-BoRNBP20251104221129.0ta210813s2016 ck a br 000 j spa d a9789582012212 aCO-BoRNBPbspaerdacCO-BoRNBP0 aspa aC aMakuritofe, Vicenteeaut96576513aLa cacería soñada del cucarrón enano /cVicente Makuritofe ; ilustraciones Confucio Hernández Makuritofe. aPrimera edición 1aBogotá, Colombia :bTropenbos Internacional Colombia,c2016 a[34] páginas :bilustraciones 2rdacontentatextobtxt 2rdamediaasin mediaciónbn 2rdacarrieravolumenbnc aXue : Historias amazónicas aRecomendado para un público infantil mayor de 6 años04aAmazonas (Region, Colombia)vCuentos2LEMB96651807aAvesxHábitos y conductavCd-rom2lemb96651907aCucarronesvCuentos2lemb96652007aCuentos indígenas colombianos2LEMB91512204aLiteratura colombiana2LEMB91068 aHernández Makuritofe, Confucioeill965768 2loccBKLIT c59757d59757